| LEADER | 00852nam a2200205 a 4500 | ||
|---|---|---|---|
| 001 | GR-MES3267 | ||
| 008 | 991111s1996 gr 000 0 gre d | ||
| 040 | |a GrPaTEI |b gre |c GR-PaULI | ||
| 245 | 0 | 0 | |a Χρόνος : |b Διεπιστημονική θεωρητική και εμπειρική προσέγγιση. |
| 260 | |a Ηράκλειο : |b [χ.ο], |c 1996 | ||
| 300 | |a 150σελ. | ||
| 500 | |a βιβλιογραφία;σελ(131-134) | ||
| 650 | 4 | |a ΘΕΟΛΟΓΙΑ | |
| 650 | 4 | |a Φιλοσοφία | |
| 650 | 4 | |a Ψυχολογία | |
| 700 | 1 | |a Κρασανάκης, Γ. | |
| 942 | |2 ddc | ||
| 952 | |0 0 |1 0 |2 ddc |4 0 |6 115_000000000000000_ΚΡΑ |7 0 |9 267831 |a MSLG |b MSLG |c BSC |d 2021-01-17 |e 24 |f 0 |g 0.00 |l 0 |o 115 ΚΡΑ |p 2420000009633 |r 2021-01-17 00:00:00 |t 1 |w 2021-01-17 |y BK15 |x 19991111 0 1 |x GrPaTEI | ||
| 971 | |a .b25743120 |b 16-04-20 |c 13-09-16 | ||
| 999 | |c 154219 |d 154219 | ||